000 00488cam a22001097a 4500
008 180718b1979 xxu||||| |||| 00| 0 eng d
082 _aQ04 Un3
245 _aPatterns of government expenditure on social services: supplement to the 1978 report on the world social situation
_cby Department of International Economic and Social Affairs,
260 _aNew York
_bUnited Nations Publications
_c1979
300 _a65p.
700 _aNew York. Department of International Economic and Social Affairs
999 _c495058
_d495058